000 00389nam a2200133 a 4500
005 20140414131857.0
008 100827s19uu xx 00 eng d
050 _aFIL
_bD28 2006
100 _aPastor, Boots Agbayani
245 _aDavid and Goliath :
_bSi David at si Goliath.
260 _aManila, Philippines :
_bLampara,
_c2006.
440 _aStories with moral lessons
999 _c110521
_d110521